01431nam a2200349 a 4500001001200000003000800012006001900020007001500039008004100054010001700095020002600112040002100138035002000159050002600179082002000205100002300225245012700248260006800375300001700443504006500460533015200525650005100677650004400728650003600772650003400808650002600842650002400868655002900892710001700921856012600938999001701064ebr10014999CaPaEBRm u cr cn|||||||||981022s1999 enk sb 001 0 eng  z 98048324  z0521652510 (hardback) aCaPaEBRcCaPaEBR a(OCoLC)4700887814aPR830.L43bP65 1999eb04a823.009/3552211 aPolloczek, Dieter.10aLiterature and legal discourseh[electronic resource] :bequity and ethics from Sterne to Conrad /cDieter Paul Polloczek. aCambridge, UK ;aNew York :bCambridge University Press,c1999. aviii, 269 p. aIncludes bibliographical references (p. 246-263) and index. aElectronic reproduction.bPalo Alto, Calif. :cebrary,d2013.nAvailable via World Wide Web.nAccess may be limited to ebrary affiliated libraries. 0aLegal stories, EnglishxHistory and criticism. 0aEnglish fictionxHistory and criticism. 0aEquityzGreat BritainxHistory. 0aDiscourse analysis, Literary. 0aEthics in literature. 0aLaw and literature. 7aElectronic books.2local2 aebrary, Inc.40uhttp://site.ebrary.com/lib/rucke/Doc?id=10014999zAn electronic book accessible through the World Wide Web; click to view c11289d11289